| 000 | 00600nam a22001937a 4500 | ||
|---|---|---|---|
| 005 | 20251108170535.0 | ||
| 008 | 250721s1981 xx 000 0 ara d | ||
| 082 | 1 | 4 | _aط/ق/سيف |
| 100 | 1 | _aالكاتب، سيف الدين | |
| 245 | 1 | 0 | _aقصة نبي الله يوسف عليه السلام / |
| 264 | 1 |
_aبيروت : _bدار و مكتبة الهلال، _c1981. |
|
| 300 | _a47ص | ||
| 490 | 0 | _aسلسلة أحسن القصص ؛ 7 | |
| 650 | 1 | 7 | _aالأدب القصصي |
| 650 | 1 | 7 | _aأدب الأطفال |
| 650 | 1 | 7 | _aالقصص العربية |
| 942 |
_2ddc _cBK |
||
| 999 |
_c43040 _d43040 |
||